000 00457nam a2200181Ia 4500
001 10689
005 20260306161850.0
008 260306t2006||||xx |||||||||||||| ||spa||
041 _aESP
082 _a946.08
_bP11
100 _aPablo, Santiago de
_eAUT
245 0 _aTierra sin paz:
_bguerra civil, cine y propaganda en el país Vasco
260 _c2006
300 _a349 páginas :
_c
650 _aGEN
654 _aCHU
942 _cLIB
_dJUS
_fJUS
_2ddc
_n
999 _c10689
_d10689